[Event "Dortmund FSV op"]
[Site "Dortmund"]
[Date "2006.01.19"]
[Round "1"]
[White "Heckers, Uwe"]
[Black "Schulz Runge, Michael"]
[Result "0-1"]
[WhiteElo "1348"]
[BlackElo "1701"]
[PlyCount "28"]
[EventDate "2006.01.19"]
[EventType "swiss"]
[EventRounds "9"]
[EventCountry "GER"]
[SourceTitle "EXT 2007"]
[Source "ChessBase"]
[SourceDate "2006.11.23"]
[SourceVersion "1"]
[SourceVersionDate "2006.11.23"]
[SourceQuality "1"]

1. d4 Nf6 2. Bg5 Ne4 3. h4 c5 4. e3 Qb6 5. b3 Nc6 6. Nf3 Qb4+ 7. Nbd2 cxd4 8. exd4 Nxd4 9. Nxd4 Qxd4 10. Nxe4 Qxe4+ 11. Be3 e6 12. Qd3 Bb4+ 13. c3 Qxd3 14. Bxd3 Bxc3+ 0-1

[Event "Dortmund ABC Aufstreber 16th"]
[Site "Dortmund"]
[Date "2001.11.30"]
[Round "11"]
[White "Grawe, Herbert"]
[Black "Heckers, Uwe"]
[Result "0-1"]
[WhiteElo "1502"]
[BlackElo "1325"]
[PlyCount "68"]
[EventDate "2001.??.??"]
[EventType "tourn"]
[EventRounds "13"]
[EventCountry "GER"]
[SourceTitle "EXT 2003"]
[Source "ChessBase"]
[SourceDate "2002.11.25"]
[SourceVersion "1"]
[SourceVersionDate "2002.11.25"]
[SourceQuality "1"]

1. d4 Nf6 2. Nf3 g6 3. c4 Bg7 4. Nc3 d5 5. e3 Bg4 6. h3 Bxf3 7. Qxf3 e6 8. b3 0-0 9. Bd3 c5 10. Ne2 Nc6 11. Bb2 cxd4 12. exd4 Qb6 13. 0-0 Rfd8 14. c5 Qc7 15. Qe3 b6 16. Rac1 Rac8 17. f4 Nd7 18. Bb5 bxc5 19. Bxc6 Qxc6 20. Ba3 Qa6 21. Bxc5 Nxc5 22. dxc5 Qxa2 23. Rfd1 Qa5 24. c6 Qb5 25. Rc5 Qb6 26. Rdc1 Bf8 27. Qc3 Rxc6 28. b4 Bxc5+ 29. bxc5 Qb8 30. Nd4 Rc7 31. c6 Rdc8 32. Kh1 Qb6 33. Rc2 Rb8 34. Qa3 Qxd4 0-1

[Event "Dortmund ABC Aufstreber 16th"]
[Site "Dortmund"]
[Date "2001.11.24"]
[Round "10"]
[White "Heckers, Uwe"]
[Black "Raabe, Hans Ulrich"]
[Result "1-0"]
[WhiteElo "1325"]
[BlackElo "1425"]
[PlyCount "41"]
[EventDate "2001.??.??"]
[EventType "tourn"]
[EventRounds "13"]
[EventCountry "GER"]
[SourceTitle "EXT 2003"]
[Source "ChessBase"]
[SourceDate "2002.11.25"]
[SourceVersion "1"]
[SourceVersionDate "2002.11.25"]
[SourceQuality "1"]

1. Nf3 d5 2. g3 Nf6 3. Bg2 c5 4. 0-0 Nc6 5. d4 cxd4 6. Nxd4 e5 7. Nxc6 bxc6 8. c4 Be6 9. Nc3 Qd7 10. cxd5 Nxd5 11. Qa4 Rc8 12. Rd1 Nxc3 13. bxc3 Qc7 14. Be3 a5 15. Rab1 Bd7 16. Bb6 Qb7 17. Qxa5 Ra8 18. Qxe5+ Be6 19. Bc5 Qc8 20. Rb6 Bxc5 21. Qxc5 1-0

[Event "Dortmund ABC Aufstreber 16th"]
[Site "Dortmund"]
[Date "2001.11.21"]
[Round "9"]
[White "Krueger, Inge"]
[Black "Heckers, Uwe"]
[Result "1-0"]
[WhiteElo "1464"]
[BlackElo "1325"]
[PlyCount "119"]
[EventDate "2001.??.??"]
[EventType "tourn"]
[EventRounds "13"]
[EventCountry "GER"]
[SourceTitle "EXT 2003"]
[Source "ChessBase"]
[SourceDate "2002.11.25"]
[SourceVersion "1"]
[SourceVersionDate "2002.11.25"]
[SourceQuality "1"]

1. d4 Nf6 2. c4 g6 3. Nc3 d5 4. Nf3 Bg7 5. e3 0-0 6. cxd5 Nxd5 7. Be2 Nxc3 8. bxc3 c5 9. Bb2 cxd4 10. cxd4 Qa5+ 11. Nd2 Be6 12. a4 Nd7 13. 0-0 Nb6 14. Nb3 Qd5 15. Nc5 Qc6 16. Nxe6 Qxe6 17. Rc1 Rac8 18. a5 Rxc1 19. Bxc1 Nd5 20. Qb3 Qd7 21. Ba3 Rc8 22. Bc4 e6 23. Rc1 b5 24. Bxb5 Rxc1+ 25. Bxc1 Qc7 26. Bd2 Bh6 27. g3 Qb7 28. a6 Qb6 29. Bc4 Qxb3 30. Bxb3 Nc7 31. Bc4 Kf8 32. Bb4+ Ke8 33. Bc5 Kd7 34. Bxa7 Bf8 35. Bb6 Na8 36. Bb5+ Kc8 37. Ba5 Bd6 38. Bc6 Kb8 39. Kf1 Nc7 40. Bxc7+ Bxc7 41. Bb7 Bb6 42. Ke2 Kc7 43. Kd3 Kd6 44. Kc4 f5 45. Kb5 Kc7 46. d5 exd5 47. Bxd5 h6 48. Bf7 g5 49. Bg6 f4 50. gxf4 gxf4 51. exf4 Bxf2 52. f5 Bd4 53. h4 Kd6 54. h5 Kc7 55. Kc4 Bf6 56. Kb5 Bd4 57. Be8 Kd6 58. f6 Bc5 59. f7 Kd5 60. f8Q 1-0

[Event "Dortmund ABC Aufstreber 16th"]
[Site "Dortmund"]
[Date "2001.10.26"]
[Round "4"]
[White "Heckers, Uwe"]
[Black "Fredersdorf, Theodor"]
[Result "0-1"]
[WhiteElo "1325"]
[BlackElo "1521"]
[PlyCount "92"]
[EventDate "2001.??.??"]
[EventType "tourn"]
[EventRounds "13"]
[EventCountry "GER"]
[SourceTitle "EXT 2003"]
[Source "ChessBase"]
[SourceDate "2002.11.25"]
[SourceVersion "1"]
[SourceVersionDate "2002.11.25"]
[SourceQuality "1"]

1. c4 e5 2. g3 d6 3. Bg2 c6 4. Nc3 Be6 5. d3 Be7 6. e4 h6 7. Nge2 Na6 8. 0-0 Nf6 9. Be3 0-0 10. b3 Ng4 11. Bc1 Nc7 12. h3 Nf6 13. f4 Bc8 14. d4 exd4 15. Nxd4 Nh7 16. Qd3 Ne6 17. Nf5 Nc5 18. Nxe7+ Qxe7 19. Qc2 Qf6 20. Bb2 Qg6 21. Kh2 Qh5 22. Rad1 Nf6 23. Qd2 Re8 24. Rfe1 Bg4 25. Rc1 Bf3 26. Bxf3 Qxf3 27. Re3 Qh5 28. Kg2 Ncxe4 29. Nxe4 Nxe4 30. Qd4 Qg6 31. Rce1 f5 32. Ba3 c5 33. Qd5+ Kh7 34. Qxb7 Nf6 35. Rxe8 Rxe8 36. Re7 Rxe7 37. Qxe7 Ne4 38. Qh4 Qe6 39. Bb2 Nd2 40. Kf2 Ne4+ 41. Kf3 d5 42. cxd5 Qxd5 43. Be5 Qd3+ 44. Kg2 Qe2+ 45. Kg1 Qf2+ 46. Kh1 Nxg3+ 0-1

[Event "Dortmund ABC Anfaenger 14th"]
[Site "Dortmund"]
[Date "2000.11.18"]
[Round "10"]
[White "Raabe, Hans Ulrich"]
[Black "Heckers, Uwe"]
[Result "1-0"]
[WhiteElo "1297"]
[BlackElo "1023"]
[PlyCount "41"]
[EventDate "2000.??.??"]
[EventType "tourn"]
[EventRounds "13"]
[EventCountry "GER"]
[SourceTitle "EXT 2003"]
[Source "ChessBase"]
[SourceDate "2002.11.25"]
[SourceVersion "1"]
[SourceVersionDate "2002.11.25"]
[SourceQuality "1"]

1. e4 c6 2. d4 d5 3. Nc3 g6 4. e5 Bg7 5. Be3 e6 6. Be2 Ne7 7. Bg5 Nd7 8. Nf3 c5 9. Nb5 0-0 10. c3 c4 11. Qd2 Nb6 12. h4 Bd7 13. Nd6 Bc6 14. h5 Nbc8 15. hxg6 fxg6 16. Bh6 Nxd6 17. Bxg7 Rf7 18. exd6 Nf5 19. Be5 Nxd6 20. Ng5 Re7 21. Bf6 1-0

[Event "Dortmund ABC Anfaenger 14th"]
[Site "Dortmund"]
[Date "2000.10.25"]
[Round "5"]
[White "Heckers, Uwe"]
[Black "Rutmann, Ulrich"]
[Result "1-0"]
[WhiteElo "1023"]
[BlackElo "1169"]
[PlyCount "75"]
[EventDate "2000.??.??"]
[EventType "tourn"]
[EventRounds "13"]
[EventCountry "GER"]
[SourceTitle "EXT 2003"]
[Source "ChessBase"]
[SourceDate "2002.11.25"]
[SourceVersion "1"]
[SourceVersionDate "2002.11.25"]
[SourceQuality "1"]

1. c4 c5 2. Nc3 Nf6 3. g3 e5 4. Bg2 d6 5. Nf3 h6 6. 0-0 Be7 7. e3 Nc6 8. d4 exd4 9. exd4 b6 10. Nh4 Qd7 11. d5 Ne5 12. b3 Nfg4 13. f4 Bxh4 14. fxe5 Bg5 15. exd6 0-0 16. Bxg5 hxg5 17. Qd2 f6 18. Ne4 Qf7 19. h3 Ne5 20. Nxg5 Qg6 21. Ne6 Qxg3 22. Qf2 Qxf2+ 23. Rxf2 Re8 24. Nc7 Bb7 25. Nxa8 Bxa8 26. h4 Rd8 27. Bh3 Rxd6 28. Be6+ Kf8 29. Rf5 a6 30. Raf1 Ng4 31. Rh5 Nh6 32. Rxh6 gxh6 33. Rxf6+ Kg7 34. Rf5 b5 35. Kf2 Kg6 36. h5+ Kg7 37. Rf7+ Kg8 38. Rd7+ 1-0